000 02187pam a2200577 cc4500
001 1244499595
003 DE-101
005 20260414151514.0
007 tu
008 211029s2022 gw ||||| |||| 00||||ger
015 _a23,A03
_z21,N44
_2dnb
016 7 _2DE-101
_a1244499595
020 _a9783964335623
_cBroschur : EUR 10.00 (DE), EUR 10.30 (AT)
020 _a3964335622
024 3 _a9783964335623
035 _a(DE-599)DNB1244499595
035 _a(OCoLC)1344330583
035 _a(OCoLC)1282189926
040 _a1245
_bger
_cDE-101
_d0292
_erda
041 _ager
_hjpn
044 _cXA-DE-BW
082 7 4 _a741.5
_qDE-101
_223sdnb
100 0 _0(DE-588)1250699738
_0https://d-nb.info/gnd/1250699738
_0(DE-101)1250699738
_aNekokurage
_eKünstler
_4art
_2gnd
245 1 0 _a˜Dieœ Tagebücher der Apothekerin
_n6
_cStory Light Novel: Natsu Hyuuga ; Story Manga: Itsuki Nanao ; Zeichnungen: Nekokurage ; Characterdesign: Touco Shino ; aus dem Japanischen von Verena Maser
250 _a1. Auflage
264 3 1 _aLudwigsburg
_bManga Cult
_c2022
300 _a170 Seiten
336 _aText
_btxt
_2rdacontent
336 _aunbewegtes Bild
_bsti
_2rdacontent
337 _aohne Hilfsmittel zu benutzen
_bn
_2rdamedia
338 _aBand
_bnc
_2rdacarrier
653 _a(Produktform)Paperback / softback
653 _aChina
653 _aDie rothaarige Schneeprinzessin
653 _aDrama
653 _aHistorisch
653 _aIntrigen
653 _aKrimi
653 _aMedizin
653 _aMystery
653 _aRomanze
653 _aSlice of Life
653 _a(VLB-WN)1182: Hardcover, Softcover / Belletristik/Comic, Cartoon, Humor, Satire/Manga, Manhwa
655 7 _0(DE-588)4010427-8
_0https://d-nb.info/gnd/4010427-8
_0(DE-101)040104273
_aComic
_2gnd-content
773 0 8 _q16
_w(DE-101)1250700116
856 4 2 _mX:MVB
_qtext/html
_uhttp://deposit.dnb.de/cgi-bin/dokserv?id=5363a7c856474df68c5f0035d78d846a&prov=M&dok_var=1&dok_ext=htm
_3Inhaltstext
856 4 2 _mX:MVB
_uhttps://www.cross-cult.de/manga.html
856 4 2 _mB:DE-101
_qapplication/pdf
_uhttps://d-nb.info/1244499595/04
_3Inhaltsverzeichnis
942 _2ddc
_cMGA
_n0
999 _c1565
_d1565